| 000 | 00467nam a2200193Ia 4500 | ||
|---|---|---|---|
| 005 | 20250423095352.0 | ||
| 008 | 250422s9999 xx 000 0 und d | ||
| 020 | _a0-673-98214-9 | ||
| 050 | _aPE1408.C54368 | ||
| 100 | _aCarolyn P. Collette | ||
| 245 | 0 | _aFinding common ground | |
| 250 | _a2nd ed. | ||
| 260 | _aNew York | ||
| 260 | _bAddison Wesley Publishing Company | ||
| 260 | _c1997 | ||
| 300 | _a228 p | ||
| 650 | _aDiscourse analysis | ||
| 942 | _cBK | ||
| 999 |
_c30065 _d30065 |
||